Parayathe poyathu.../ (Record no. 141669)

000 -LEADER
fixed length control field 00440nam a22001577a 4500
020 ## - INTERNATIONAL STANDARD BOOK NUMBER
International Standard Book Number 9780000198129
082 ## - DEWEY DECIMAL CLASSIFICATION NUMBER
Classification number M301
Item number VEE/P
100 ## - MAIN ENTRY--PERSONAL NAME
Personal name Veena K S
9 (RLIN) 154903
245 ## - TITLE STATEMENT
Title Parayathe poyathu.../
Statement of responsibility, etc. by Veena K S
260 ## - PUBLICATION, DISTRIBUTION, ETC.
Place of publication, distribution, etc. Kottayam:
Name of publisher, distributor, etc. Sahithay Pravarthaka Co-operative Society,
Date of publication, distribution, etc. 2014.
300 ## - PHYSICAL DESCRIPTION
Extent 61p.
650 ## - SUBJECT ADDED ENTRY--TOPICAL TERM
Topical term or geographic name entry element Stories Malayalam
9 (RLIN) 154904
650 ## - SUBJECT ADDED ENTRY--TOPICAL TERM
Topical term or geographic name entry element Literature Malayalam
9 (RLIN) 154905
650 ## - SUBJECT ADDED ENTRY--TOPICAL TERM
Topical term or geographic name entry element Literature
9 (RLIN) 154906
942 ## - ADDED ENTRY ELEMENTS (KOHA)
Koha item type Book
Holdings
Withdrawn status Lost status Damaged status Not for loan Permanent Location Current Location Shelving location Date acquired Cost, normal purchase price Total Checkouts Full call number Barcode Date last seen Price effective from Koha item type
        Sree Sankaracharya University of Sanskrit Sree Sankaracharya University of Sanskrit Stacks 27.04.2019 50.00   M301 VEE/P 095023 27.04.2019 27.04.2019 Book